Najwięcej występów w reprezentacji Brazylii - Statystyki

Ogólne statystyki
  • Ten quiz został rozwiązany 602 razy
  • Średni wynik to 5 z 10
Statystyki odpowiedzi
Miejsce Zawodnik Lata gry Mecze Bramki % Poprawnych
2 Neymar 2010–obecnie 128 79
98%
9 Ronaldo 1994–2011 99 62
87%
3 Roberto Carlos 1992–2006 127 11
70%
5 Thiago Silva 2008–obecnie 113 7
62%
1 Cafu 1990–2006 143 5
61%
4 Dani Alves 2006–2022 126 8
39%
6 Lúcio 2000–2011 105 4
22%
8 Robinho 2003–2017 100 28
15%
7 Cláudio Taffarel 1987–1998 102 0
11%
10 Djalma Santos 1952–1968 98 3
3%
Nie znaleziono quizów pasujących do podanych kryteriów
Rozkład punktacji
Procent ludzi z każdym wynikiem
Percentyl według liczby udzielonych odpowiedzi
Twoja historia wyników
Nie rozwiązałeś tego quizu